000 00959ngm a22003250a 4500
001 PT13986
003 AR-LpoUNG
005 20210202000532.0
007 vd cvaizq
008 191001s1998||||ag |||||||||||||||||spa d
037 _c$33.33
040 _aAR-LpoUNG
_bspa
_cAR-LpoUNG
_eaacr
041 _aspa
044 _aag
082 0 _a909.8 591v12
245 1 0 _a1983-1988, la mano de Dios :
_bdel divino golazo al Sida
260 _aBuenos Aires :
_bArte Gráfico Editorial Argentino,
_c1998.
300 _aVHS (35 min.) : son., col.
520 _aSumario: Del juicio a los comandantes al primer plesbicito del Beagle; Premio Nobel de Medicina; Control anti-doping; El cine en los años 80; La crotoxina.
650 4 _aARTE
650 4 _aDIVORCIO
650 4 _aFUERZAS ARMADAS
650 4 _aGENETICA
650 4 _aIGLESIA
650 4 _aSIDA
653 _aVIDEOS
710 2 _aClarín (Buenos Aires)
905 _a13986
942 _cVIDEO
999 _c55076
_d55076